[Event "HUN-chT2 Barcza 0910"]
[Site "Hungary"]
[Date "2009.11.08"]
[Round "1.11"]
[White "Toldy, Erno"]
[Black "Kemendi, Daniel"]
[Result "0-1"]
[WhiteElo "1650"]
[BlackElo "1704"]
[PlyCount "120"]
[EventDate "2009.11.08"]
[EventType "team-tourn"]
[EventRounds "11"]
[EventCountry "HUN"]
[SourceTitle "EXT 2011"]
[Source "ChessBase"]
[SourceDate "2010.11.26"]
[SourceVersion "1"]
[SourceVersionDate "2010.11.26"]
[SourceQuality "1"]
[WhiteTeam "Debrecen Sakkbaratok"]
[BlackTeam "Miskolc"]
[WhiteTeamCountry "HUN"]
[BlackTeamCountry "HUN"]

1. e4 c6 2. d4 d5 3. Nc3 dxe4 4. Nxe4 Bf5 5. Ng3 Bg6 6. h4 h6 7. Nf3 Nf6 8. Ne5 Bh7 9. Bc4 e6 10. Qe2 Qe7 11. c3 Nbd7 12. Bf4 Nd5 13. Qd2 Nxf4 14. Qxf4 Nxe5 15. Qxe5 Qd6 16. f4 Be7 17. Nh5 Qxe5+ 18. fxe5 0-0 19. a4 Be4 20. Rh2 c5 21. Ng3 Bc6 22. dxc5 Bxc5 23. b4 Be3 24. Ne2 Rad8 25. Rh3 Bd2+ 26. Kf2 Be4 27. Nd4 Bxc3 28. Rxc3 Rxd4 29. Ke3 Rfd8 30. g3 Bf5 31. Kf2 Re4 32. b5 Rxe5 33. Bf1 Red5 34. a5 Bd3 35. Bg2 Rxb5 36. Rd1 Rb2+ 37. Kg1 Rb1 38. Rxb1 Bxb1 39. Bxb7 Bd3 40. Kf2 Rd6 41. Ke3 Bb5 42. Ke4 f6 43. Rc8+ Kf7 44. Rc3 Ke7 45. Bc8 Bd7 46. Bb7 Bb5 47. Rc5 Bf1 48. Ke3 a6 49. Bc8 Kd8 50. Bb7 Bb5 51. Rc8+ Ke7 52. Rc5 Rd3+ 53. Kf2 Rd4 54. Rc7+ Rd7 55. Rxd7+ Kxd7 56. Ke3 Kd6 57. h5 e5 58. Bc8 Kc5 59. Ke4 Kb4 60. Bb7 Kxa5 0-1